[Event "Team Championship (men blitz)"]
[Site "Sochi"]
[Date "2017.10.05"]
[Round "9.28"]
[White "Bublei, Pavel"]
[Black "Savitskiy, Sergey"]
[Result "1/2-1/2"]
[LiveChessVersion "1.4.8"]
[BlackElo "2327"]
[WhiteElo "2243"]

1. d4 {[%clk 0:03:02]} Nf6 {[%clk 0:03:03]} 2. c4 g6 3. Nc3 {[%clk 0:03:04]} Bg7
{[%clk 0:03:06]} 4. e4 {[%clk 0:03:05]} d6 {[%clk 0:03:07]} 5. f3
{[%clk 0:03:06]} O-O {[%clk 0:03:08]} 6. Be3 {[%clk 0:03:07]} b6 {[%clk 0:03:09]}
7. Bd3 {[%clk 0:03:05]} a6 {[%clk 0:03:10]} 8. Nge2 {[%clk 0:03:04]} c5
{[%clk 0:03:10]} 9. d5 {[%clk 0:03:02]} e6 {[%clk 0:03:10]} 10. a4
{[%clk 0:02:56]} exd5 {[%clk 0:03:01]} 11. cxd5 {[%clk 0:02:56]} Re8
{[%clk 0:02:45]} 12. Qd2 {[%clk 0:02:52]} Ra7 {[%clk 0:02:45]} 13. O-O
{[%clk 0:02:47]} Rb7 {[%clk 0:02:37]} 14. Bg5 {[%clk 0:02:38]} Bd7
{[%clk 0:02:17]} 15. h4 {[%clk 0:02:15]} b5 {[%clk 0:02:13]} 16. h5
{[%clk 0:02:08]} c4 {[%clk 0:02:08]} 17. Bb1 {[%clk 0:02:08]} b4 {[%clk 0:01:57]}
18. Nd1 {[%clk 0:02:07]} Qb6+ {[%clk 0:01:25]} 19. Be3 {[%clk 0:02:06]} Qc7
{[%clk 0:01:26]} 20. h6 {[%clk 0:02:04]} Bh8 {[%clk 0:01:26]} 21. Nd4
{[%clk 0:01:56]} a5 {[%clk 0:01:11]} 22. Qf2 {[%clk 0:01:15]} Na6
{[%clk 0:01:08]} 23. Bf4 {[%clk 0:01:11]} Nc5 {[%clk 0:00:48]} 24. Ne3
{[%clk 0:00:59]} c3 {[%clk 0:00:25]} 25. bxc3 {[%clk 0:00:55]} bxc3
{[%clk 0:00:26]} 26. Bc2 {[%clk 0:00:56]} Rb2 {[%clk 0:00:24]} 27. Ndf5
{[%clk 0:00:20]} Nb7 {[%clk 0:00:07]} 28. Rfc1 {[%clk 0:00:15]} Nh5
{[%clk 0:00:08]} 29. Bh2 {[%clk 0:00:11]} Be5 {[%clk 0:00:09]} 30. g4
{[%clk 0:00:09]} Nf4 {[%clk 0:00:09]} 31. Kh1 {[%clk 0:00:07]} Nc5
{[%clk 0:00:08]} 32. Nc4 {[%clk 0:00:07]} Rb4 {[%clk 0:00:06]} 33. Nxe5
{[%clk 0:00:07]} dxe5 {[%clk 0:00:07]} 34. Ne3 {[%clk 0:00:06]} Ncd3
{[%clk 0:00:07]} 35. Bxd3 {[%clk 0:00:06]} Nxd3 {[%clk 0:00:08]} 36. Qh4
{[%clk 0:00:06]} Rb6 {[%clk 0:00:05]} 37. Rc2 {[%clk 0:00:07]} Nb4
{[%clk 0:00:06]} 38. Rcc1 {[%clk 0:00:08]} Nd3 {[%clk 0:00:08]} 39. Rc2 Nb4 40.
Rcc1 {[%clk 0:00:10]} Nd3 {[%clk 0:00:08]} 41. Rc2 Nb4 42. Rcc1 {[%clk 0:00:13]}
Nd3 {[%clk 0:00:11]} 43. Rc2 {[%clk 0:00:15]} 1/2-1/2

[Event "Team Championship (men blitz)"]
[Site "Sochi"]
[Date "2017.10.05"]
[Round "9.29"]
[White "Triapishko, Alexandr"]
[Black "Tekeyev, Zaur"]
[Result "1-0"]
[LiveChessVersion "1.4.8"]
[BlackElo "2413"]
[WhiteElo "2396"]

1. d4 {[%clk 0:03:02]} Nf6 {[%clk 0:03:03]} 2. Nc3 {[%clk 0:03:03]} d5
{[%clk 0:03:04]} 3. Bf4 {[%clk 0:03:04]} c5 {[%clk 0:03:06]} 4. e3
{[%clk 0:03:04]} cxd4 {[%clk 0:03:06]} 5. exd4 {[%clk 0:03:05]} a6
{[%clk 0:03:08]} 6. h3 {[%clk 0:03:01]} Bf5 {[%clk 0:03:02]} 7. Nf3
{[%clk 0:02:51]} Nc6 {[%clk 0:03:03]} 8. Bd3 {[%clk 0:02:51]} Bg6
{[%clk 0:02:51]} 9. O-O {[%clk 0:02:44]} e6 {[%clk 0:02:52]} 10. Ne2
{[%clk 0:02:42]} Rc8 {[%clk 0:02:18]} 11. c3 {[%clk 0:02:42]} Bd6
{[%clk 0:02:05]} 12. a4 {[%clk 0:02:37]} Bxd3 {[%clk 0:02:01]} 13. Qxd3
{[%clk 0:02:37]} Bxf4 {[%clk 0:02:02]} 14. Nxf4 {[%clk 0:02:38]} O-O
{[%clk 0:02:01]} 15. Qe3 {[%clk 0:02:16]} Ne4 {[%clk 0:01:44]} 16. Nd3
{[%clk 0:02:13]} Na5 {[%clk 0:01:29]} 17. Nh2 {[%clk 0:01:58]} Nc4
{[%clk 0:01:10]} 18. Qe2 {[%clk 0:01:56]} Qd6 {[%clk 0:01:06]} 19. Ng4
{[%clk 0:01:53]} f6 {[%clk 0:00:41]} 20. Ne3 {[%clk 0:01:49]} Na5
{[%clk 0:00:40]} 21. Rfe1 Rce8 22. f3 {[%clk 0:01:40]} Ng3 {[%clk 0:00:37]} 23.
Qf2 {[%clk 0:01:40]} Nc4 {[%clk 0:00:30]} 24. Nxc4 {[%clk 0:01:38]} dxc4
{[%clk 0:00:31]} 25. Nc5 {[%clk 0:01:36]} Nf5 {[%clk 0:00:11]} 26. Nxb7
{[%clk 0:01:31]} Qd5 {[%clk 0:00:07]} 27. Nc5 {[%clk 0:01:31]} a5
{[%clk 0:00:08]} 28. Qe2 {[%clk 0:01:18]} Re7 {[%clk 0:00:07]} 29. Qe4
{[%clk 0:01:19]} Rd8 {[%clk 0:00:06]} 30. Nxe6 {[%clk 0:01:12]} Qxe4
{[%clk 0:00:05]} 31. Rxe4 {[%clk 0:01:09]} Rb8 {[%clk 0:00:06]} 32. d5
{[%clk 0:00:43]} Rxb2 {[%clk 0:00:06]} 33. Rxc4 {[%clk 0:00:42]} Rd2
{[%clk 0:00:06]} 34. Rc8+ {[%clk 0:00:38]} Kf7 {[%clk 0:00:08]} 35. c4
{[%clk 0:00:38]} Ne3 {[%clk 0:00:08]} 36. g4 {[%clk 0:00:37]} Rg2+
{[%clk 0:00:08]} 37. Kh1 {[%clk 0:00:38]} Rc2 {[%clk 0:00:09]} 38. d6
{[%clk 0:00:30]} Rd7 {[%clk 0:00:06]} 39. Nd8+ {[%clk 0:00:29]} Kg6
{[%clk 0:00:07]} 40. c5 {[%clk 0:00:29]} Rxd6 {[%clk 0:00:07]} 41. cxd6
{[%clk 0:00:27]} Rxc8 {[%clk 0:00:09]} 42. Ne6 {[%clk 0:00:28]} Rc6
{[%clk 0:00:04]} 43. d7 {[%clk 0:00:28]} Rxe6 {[%clk 0:00:05]} 44. d8=Q
{[%clk 0:00:28]} 1-0

[Event "Team Championship (men blitz)"]
[Site "Sochi"]
[Date "2017.10.05"]
[Round "9.30"]
[White "Nechaev, Oleg"]
[Black "Chos, Alexey"]
[Result "1-0"]
[LiveChessVersion "1.4.8"]
[BlackElo "2354"]
[WhiteElo "2284"]

1. d4 {[%clk 0:03:03]} Nf6 {[%clk 0:03:03]} 2. Bg5 {[%clk 0:03:04]} Ne4
{[%clk 0:03:03]} 3. Bf4 {[%clk 0:03:05]} d5 {[%clk 0:03:01]} 4. e3
{[%clk 0:03:06]} e6 {[%clk 0:03:02]} 5. Bd3 {[%clk 0:03:07]} Bd6 {[%clk 0:03:01]}
6. Ne2 {[%clk 0:02:56]} Bxf4 {[%clk 0:02:45]} 7. Nxf4 {[%clk 0:02:56]} Nf6
{[%clk 0:02:38]} 8. Nd2 {[%clk 0:02:55]} b6 {[%clk 0:02:37]} 9. c3
{[%clk 0:02:55]} O-O {[%clk 0:02:34]} 10. Qe2 {[%clk 0:02:54]} a5
{[%clk 0:02:34]} 11. O-O {[%clk 0:02:49]} c5 {[%clk 0:02:34]} 12. Nf3
{[%clk 0:02:40]} Ba6 {[%clk 0:02:33]} 13. Bxa6 {[%clk 0:02:41]} Rxa6
{[%clk 0:02:25]} 14. Ne5 {[%clk 0:02:39]} c4 {[%clk 0:02:18]} 15. f3
{[%clk 0:02:40]} Nfd7 {[%clk 0:02:16]} 16. Nxd7 {[%clk 0:02:40]} Nxd7
{[%clk 0:02:13]} 17. e4 {[%clk 0:02:42]} b5 {[%clk 0:02:10]} 18. exd5
{[%clk 0:02:41]} Qc7 {[%clk 0:02:01]} 19. dxe6 {[%clk 0:02:41]} Qxf4
{[%clk 0:01:56]} 20. exd7 {[%clk 0:02:41]} Re6 {[%clk 0:01:57]} 21. Qf2
{[%clk 0:02:40]} Rd8 {[%clk 0:01:57]} 22. Rfe1 {[%clk 0:02:39]} Rxd7
{[%clk 0:01:53]} 23. Rxe6 {[%clk 0:02:40]} fxe6 {[%clk 0:01:54]} 24. Re1
{[%clk 0:02:41]} Kf7 {[%clk 0:01:53]} 25. g3 {[%clk 0:02:41]} Qg5
{[%clk 0:01:51]} 26. Qe2 {[%clk 0:02:40]} Qf5 {[%clk 0:01:39]} 27. Qe5
{[%clk 0:02:38]} b4 {[%clk 0:01:31]} 28. Qxf5+ {[%clk 0:02:38]} exf5
{[%clk 0:01:32]} 29. Re5 {[%clk 0:02:39]} a4 {[%clk 0:01:27]} 30. Rc5
{[%clk 0:02:29]} Rb7 {[%clk 0:01:20]} 31. Rxc4 {[%clk 0:02:10]} bxc3
{[%clk 0:01:20]} 32. bxc3 {[%clk 0:02:08]} Rb1+ {[%clk 0:01:21]} 33. Kf2
{[%clk 0:01:59]} Rb2+ 34. Ke3 Rxa2 {[%clk 0:01:22]} 35. d5 {[%clk 0:01:58]} a3
{[%clk 0:01:17]} 36. Rc7+ {[%clk 0:01:53]} Kf6 {[%clk 0:01:18]} 37. f4
{[%clk 0:01:53]} Rxh2 {[%clk 0:01:18]} 38. Rc6+ {[%clk 0:01:53]} Ke7
{[%clk 0:01:17]} 39. Ra6 {[%clk 0:01:54]} a2 {[%clk 0:01:15]} 40. c4
{[%clk 0:01:55]} Rg2 {[%clk 0:01:15]} 41. Kd4 {[%clk 0:01:43]} h6
{[%clk 0:01:04]} 42. Ra7+ {[%clk 0:01:44]} Kf6 {[%clk 0:01:03]} 43. Ra6+ Ke7 44.
c5 {[%clk 0:01:46]} g6 {[%clk 0:01:02]} 45. Ra7+ {[%clk 0:01:37]} Kf6
{[%clk 0:01:02]} 46. d6 {[%clk 0:01:24]} Ke6 {[%clk 0:01:02]} 47. Re7+
{[%clk 0:01:25]} Kf6 {[%clk 0:01:03]} 48. Re1 {[%clk 0:01:25]} Rb2
{[%clk 0:00:59]} 49. d7 {[%clk 0:01:26]} Rd2+ {[%clk 0:01:00]} 50. Kc4
{[%clk 0:01:24]} Rxd7 {[%clk 0:01:00]} 51. c6 {[%clk 0:01:25]} Ra7
{[%clk 0:00:59]} 52. Ra1 {[%clk 0:01:24]} Ke6 {[%clk 0:01:00]} 53. Kc5
{[%clk 0:01:26]} Ra3 {[%clk 0:00:59]} 54. Kb4 {[%clk 0:01:26]} Ra8
{[%clk 0:01:00]} 55. Kc5 {[%clk 0:01:27]} g5 {[%clk 0:01:00]} 56. Kb6
{[%clk 0:01:20]} Ra3 {[%clk 0:00:59]} 57. c7 {[%clk 0:01:08]} Rb3+
{[%clk 0:00:59]} 58. Kc6 {[%clk 0:01:09]} Rc3+ {[%clk 0:01:00]} 59. Kb7
{[%clk 0:01:10]} Rb3+ {[%clk 0:00:57]} 60. Kc8 {[%clk 0:01:11]} Rb2
{[%clk 0:00:52]} 61. Re1+ {[%clk 0:00:58]} Kf7 {[%clk 0:00:49]} 62. Kd7
{[%clk 0:00:49]} Rd2+ {[%clk 0:00:50]} 63. Kc6 {[%clk 0:00:50]} Rc2+
{[%clk 0:00:50]} 64. Kd6 {[%clk 0:00:49]} gxf4 {[%clk 0:00:48]} 65. gxf4
{[%clk 0:00:50]} h5 {[%clk 0:00:49]} 66. Rd1 {[%clk 0:00:46]} h4 {[%clk 0:00:32]}
67. Kd7 {[%clk 0:00:39]} Rd2+ {[%clk 0:00:26]} 68. Rxd2 a1=Q {[%clk 0:00:26]} 69.
c8=Q {[%clk 0:00:41]} Qa7+ {[%clk 0:00:23]} 70. Qc7 {[%clk 0:00:40]} Qe3
{[%clk 0:00:18]} 71. Kc6+ {[%clk 0:00:37]} Kg6 {[%clk 0:00:18]} 72. Rg2+
{[%clk 0:00:34]} Kf6 {[%clk 0:00:19]} 73. Qg7+ {[%clk 0:00:30]} Ke6
{[%clk 0:00:20]} 74. Rg6# {[%clk 0:00:31]} 1-0

[Event "Team Championship (men blitz)"]
[Site "Sochi"]
[Date "2017.10.05"]
[Round "9.31"]
[White "Jary, Sergey"]
[Black "Rozhko, Dmitry"]
[Result "1-0"]
[LiveChessVersion "1.4.8"]
[BlackElo "2261"]
[WhiteElo "2333"]

1. d4 {[%clk 0:03:03]} d5 {[%clk 0:03:04]} 2. Nf3 {[%clk 0:03:04]} Nf6
{[%clk 0:03:05]} 3. Bf4 {[%clk 0:03:05]} Bf5 {[%clk 0:03:05]} 4. e3
{[%clk 0:03:07]} e6 {[%clk 0:03:06]} 5. Bd3 {[%clk 0:03:07]} Bxd3
{[%clk 0:03:07]} 6. Qxd3 {[%clk 0:03:08]} c6 {[%clk 0:03:08]} 7. Nbd2
{[%clk 0:03:08]} Be7 {[%clk 0:03:09]} 8. O-O {[%clk 0:03:09]} O-O 9. c4 Nbd7
{[%clk 0:03:09]} 10. Rac1 {[%clk 0:03:10]} Nh5 {[%clk 0:03:05]} 11. Bg3
{[%clk 0:03:09]} Nxg3 {[%clk 0:03:05]} 12. hxg3 {[%clk 0:03:10]} Qa5
{[%clk 0:03:01]} 13. a3 {[%clk 0:03:09]} Qa6 {[%clk 0:02:58]} 14. Qb3
{[%clk 0:03:07]} Qb6 {[%clk 0:02:57]} 15. Qc2 {[%clk 0:03:04]} Rad8
{[%clk 0:02:50]} 16. Ne1 {[%clk 0:02:54]} Nf6 {[%clk 0:02:36]} 17. Nd3
{[%clk 0:02:49]} Qc7 {[%clk 0:02:17]} 18. b4 {[%clk 0:02:46]} Qb8
{[%clk 0:02:13]} 19. Ne5 {[%clk 0:02:37]} Nd7 {[%clk 0:02:04]} 20. Nd3
{[%clk 0:02:36]} Bf6 {[%clk 0:01:59]} 21. f4 {[%clk 0:02:35]} Be7
{[%clk 0:01:58]} 22. g4 {[%clk 0:02:28]} f5 {[%clk 0:01:55]} 23. g5
{[%clk 0:02:26]} h6 {[%clk 0:01:46]} 24. gxh6 {[%clk 0:02:25]} gxh6
{[%clk 0:01:47]} 25. Kf2 {[%clk 0:02:25]} Rf6 {[%clk 0:01:43]} 26. Ne5
{[%clk 0:02:19]} Nxe5 {[%clk 0:01:39]} 27. dxe5 {[%clk 0:02:12]} Rg6
{[%clk 0:01:39]} 28. Nf3 {[%clk 0:02:09]} Kf7 {[%clk 0:01:32]} 29. cxd5
{[%clk 0:02:10]} Rxd5 {[%clk 0:01:16]} 30. Rcd1 {[%clk 0:02:05]} Qg8
{[%clk 0:01:16]} 31. Rg1 {[%clk 0:02:07]} Rg4 {[%clk 0:01:07]} 32. Rxd5
{[%clk 0:02:06]} cxd5 {[%clk 0:01:05]} 33. Qc7 {[%clk 0:02:05]} h5
{[%clk 0:00:33]} 34. Qd7 {[%clk 0:01:45]} h4 {[%clk 0:00:30]} 35. Nd4
{[%clk 0:01:29]} Qg6 {[%clk 0:00:31]} 36. Nf3 {[%clk 0:01:26]} Rg3
{[%clk 0:00:30]} 37. Nxh4 {[%clk 0:01:15]} Qg4 {[%clk 0:00:21]} 38. Nf3
{[%clk 0:01:16]} Qg7 {[%clk 0:00:19]} 39. Qc7 {[%clk 0:01:09]} Rg4
{[%clk 0:00:18]} 40. g3 {[%clk 0:01:09]} Qh6 {[%clk 0:00:17]} 41. Ng5+
{[%clk 0:01:07]} Rxg5 {[%clk 0:00:13]} 42. fxg5 {[%clk 0:01:08]} Qxg5
{[%clk 0:00:14]} 43. Qc4 {[%clk 0:01:03]} Qg7 {[%clk 0:00:11]} 44. Rh1
{[%clk 0:01:00]} Qxe5 {[%clk 0:00:11]} 45. Rh7+ {[%clk 0:00:57]} Kf6
{[%clk 0:00:08]} 46. Qh4+ {[%clk 0:00:57]} Kg6 {[%clk 0:00:09]} 47. Qh5+
{[%clk 0:00:58]} 1-0

[Event "Team Championship (men blitz)"]
[Site "Sochi"]
[Date "2017.10.05"]
[Round "9.32"]
[White "Zaichikov, Andrey"]
[Black "Linker, Mikhail"]
[Result "0-1"]
[LiveChessVersion "1.4.8"]
[BlackElo "2268"]
[WhiteElo "1941"]

1. e4 c5 {[%clk 0:03:03]} 2. Nf3 {[%clk 0:03:04]} d6 {[%clk 0:03:05]} 3. d3
{[%clk 0:03:06]} g6 {[%clk 0:03:06]} 4. Nc3 {[%clk 0:03:07]} Bg7 {[%clk 0:03:06]}
5. g3 {[%clk 0:03:08]} Nc6 {[%clk 0:03:07]} 6. Bg2 {[%clk 0:03:09]} e6
{[%clk 0:03:08]} 7. Bg5 {[%clk 0:03:10]} Nge7 {[%clk 0:03:09]} 8. Qd2
{[%clk 0:03:11]} h6 {[%clk 0:03:03]} 9. Be3 {[%clk 0:03:12]} Nd4 {[%clk 0:02:57]}
10. O-O {[%clk 0:03:08]} Bd7 {[%clk 0:02:53]} 11. a4 {[%clk 0:03:07]} Nec6
{[%clk 0:02:52]} 12. Ne1 {[%clk 0:02:42]} h5 {[%clk 0:02:39]} 13. f4
{[%clk 0:02:22]} h4 {[%clk 0:02:40]} 14. Nf3 {[%clk 0:01:55]} hxg3
{[%clk 0:02:40]} 15. hxg3 {[%clk 0:01:54]} Nxf3+ {[%clk 0:02:41]} 16. Bxf3
{[%clk 0:01:54]} Nd4 {[%clk 0:02:42]} 17. Bg2 {[%clk 0:01:49]} Bc6
{[%clk 0:02:32]} 18. Rae1 {[%clk 0:01:27]} Kf8 {[%clk 0:02:14]} 19. Nd1
{[%clk 0:01:24]} Bxa4 {[%clk 0:02:06]} 20. b3 {[%clk 0:01:10]} Bc6
{[%clk 0:01:58]} 21. Nf2 {[%clk 0:01:00]} Kg8 {[%clk 0:01:54]} 22. Ng4
{[%clk 0:00:41]} f5 {[%clk 0:01:55]} 23. Nf2 {[%clk 0:00:39]} a5 24. exf5
{[%clk 0:00:34]} exf5 {[%clk 0:01:18]} 25. Bxd4 {[%clk 0:00:20]} Bxd4
{[%clk 0:01:18]} 26. c3 {[%clk 0:00:15]} Bf6 {[%clk 0:01:11]} 27. d4
{[%clk 0:00:15]} cxd4 {[%clk 0:01:06]} 28. cxd4 {[%clk 0:00:16]} Bxg2
{[%clk 0:01:07]} 29. Kxg2 {[%clk 0:00:17]} Kg7 {[%clk 0:01:02]} 30. d5
{[%clk 0:00:17]} a4 {[%clk 0:00:52]} 31. bxa4 {[%clk 0:00:15]} Rxa4
{[%clk 0:00:53]} 32. Qc2 {[%clk 0:00:10]} Qa5 {[%clk 0:00:48]} 33. Rd1
{[%clk 0:00:05]} Ra2 {[%clk 0:00:44]} 34. Qb3 {[%clk 0:00:05]} Rb2
{[%clk 0:00:36]} 35. Qf3 {[%clk 0:00:07]} Re8 {[%clk 0:00:22]} 36. Kg1
{[%clk 0:00:04]} Ree2 {[%clk 0:00:22]} 37. g4 {[%clk 0:00:05]} fxg4
{[%clk 0:00:18]} 38. Nxg4 {[%clk 0:00:05]} Qc5+ {[%clk 0:00:14]} 39. Kh1
{[%clk 0:00:05]} Qc8 {[%clk 0:00:09]} 40. Qg3 {[%clk 0:00:03]} Qh8+
{[%clk 0:00:10]} 41. Kg1 {[%clk 0:00:03]} Qh4 {[%clk 0:00:08]} 42. Qxh4
{[%clk 0:00:03]} Bxh4 {[%clk 0:00:09]} 43. Rc1 {[%clk 0:00:03]} Rg2+
{[%clk 0:00:10]} 44. Kh1 {[%clk 0:00:04]} Rxg4 {[%clk 0:00:10]} 45. Rc7+
{[%clk 0:00:05]} Kf6 {[%clk 0:00:11]} 46. Rc8 {[%clk 0:00:04]} Rgg2
{[%clk 0:00:10]} 47. Rd1 {[%clk 0:00:00]} 0-1

[Event "Team Championship (men blitz)"]
[Site "Sochi"]
[Date "2017.10.05"]
[Round "10.3"]
[White "Timofeev, Artyom"]
[Black "Riazantsev, Alexander"]
[Result "1-0"]
[LiveChessVersion "1.4.8"]
[BlackElo "2670"]
[WhiteElo "2619"]

1. d4 {[%clk 0:03:03]} d5 {[%clk 0:03:03]} 2. c4 {[%clk 0:03:03]} c6
{[%clk 0:03:05]} 3. cxd5 {[%clk 0:03:01]} cxd5 {[%clk 0:03:06]} 4. Nc3
{[%clk 0:03:02]} Nc6 {[%clk 0:03:05]} 5. Bf4 {[%clk 0:03:02]} a6 {[%clk 0:02:47]}
6. e3 {[%clk 0:03:01]} e6 {[%clk 0:02:44]} 7. Nf3 {[%clk 0:02:56]} Bd6
{[%clk 0:02:45]} 8. Bxd6 {[%clk 0:02:55]} Qxd6 {[%clk 0:02:46]} 9. Bd3
{[%clk 0:02:48]} Nf6 {[%clk 0:02:46]} 10. O-O {[%clk 0:02:48]} O-O
{[%clk 0:02:47]} 11. Rc1 {[%clk 0:02:49]} Bd7 {[%clk 0:02:43]} 12. Qd2
{[%clk 0:02:46]} e5 {[%clk 0:02:36]} 13. dxe5 {[%clk 0:02:44]} Nxe5
{[%clk 0:02:37]} 14. Nxe5 {[%clk 0:02:41]} Qxe5 {[%clk 0:02:38]} 15. Ne2
{[%clk 0:02:25]} Ng4 {[%clk 0:02:31]} 16. Ng3 {[%clk 0:02:17]} Rac8
{[%clk 0:02:22]} 17. h3 {[%clk 0:02:16]} Nf6 {[%clk 0:02:21]} 18. Ne2
{[%clk 0:02:13]} h5 {[%clk 0:01:58]} 19. Nd4 {[%clk 0:02:09]} Ne4
{[%clk 0:01:41]} 20. Bxe4 {[%clk 0:02:06]} dxe4 {[%clk 0:01:42]} 21. Qb4
{[%clk 0:02:02]} b5 {[%clk 0:00:56]} 22. Qa5 {[%clk 0:01:42]} Qf6
{[%clk 0:00:56]} 23. Rc7 {[%clk 0:01:36]} Qd6 {[%clk 0:00:30]} 24. Rfc1
{[%clk 0:01:33]} h4 {[%clk 0:00:31]} 25. R1c3 {[%clk 0:01:04]} g6
{[%clk 0:00:31]} 26. a3 {[%clk 0:00:52]} Rfd8 {[%clk 0:00:28]} 27. Qb4
{[%clk 0:00:49]} Qxb4 {[%clk 0:00:15]} 28. axb4 {[%clk 0:00:50]} Ra8
{[%clk 0:00:11]} 29. R3c5 {[%clk 0:00:49]} a5 {[%clk 0:00:12]} 30. bxa5
{[%clk 0:00:50]} Be8 {[%clk 0:00:11]} 31. b4 {[%clk 0:00:50]} Kf8
{[%clk 0:00:06]} 32. Kh2 {[%clk 0:00:48]} Ra6 {[%clk 0:00:05]} 33. g3
{[%clk 0:00:48]} Rf6 {[%clk 0:00:06]} 34. Kg2 {[%clk 0:00:49]} hxg3
{[%clk 0:00:07]} 35. Kxg3 {[%clk 0:00:50]} Bd7 {[%clk 0:00:05]} 36. Rd5 Ke8 37.
Re5+ Kf8 38. Rxe4 {[%clk 0:00:41]} Bc8 {[%clk 0:00:04]} 39. Re5 {[%clk 0:00:40]}
1-0

[Event "Team Championship (men blitz)"]
[Site "Sochi"]
[Date "2017.10.05"]
[Round "10.4"]
[White "Rublevsky, Sergei"]
[Black "Sharafiev, Azat"]
[Result "1-0"]
[LiveChessVersion "1.4.8"]
[BlackElo "2459"]
[WhiteElo "2643"]

1. e4 {[%clk 0:03:03]} Nc6 {[%clk 0:03:04]} 2. Nf3 {[%clk 0:03:03]} d6
{[%clk 0:03:05]} 3. d4 {[%clk 0:03:02]} Nf6 {[%clk 0:03:06]} 4. Nc3
{[%clk 0:03:03]} g6 {[%clk 0:03:07]} 5. Be3 {[%clk 0:02:56]} Bg7 {[%clk 0:03:04]}
6. d5 {[%clk 0:02:47]} Nb8 {[%clk 0:03:04]} 7. Qd2 {[%clk 0:02:40]} c6
{[%clk 0:02:54]} 8. Bh6 {[%clk 0:02:33]} Bxh6 {[%clk 0:02:52]} 9. Qxh6
{[%clk 0:02:33]} Qb6 {[%clk 0:02:53]} 10. O-O-O {[%clk 0:01:40]} Qxf2
{[%clk 0:02:48]} 11. e5 {[%clk 0:01:41]} dxe5 {[%clk 0:02:35]} 12. Nxe5
{[%clk 0:01:41]} Ng4 {[%clk 0:02:10]} 13. Nxg4 {[%clk 0:01:18]} Bxg4
{[%clk 0:02:10]} 14. Be2 {[%clk 0:01:04]} Bxe2 15. Rd2 Nd7 {[%clk 0:01:11]} 16.
Rxe2 {[%clk 0:01:06]} Qf5 {[%clk 0:00:58]} 17. dxc6 {[%clk 0:00:54]} bxc6
{[%clk 0:00:59]} 18. Rd1 {[%clk 0:00:52]} e6 {[%clk 0:00:43]} 19. Ne4
{[%clk 0:00:49]} Ke7 {[%clk 0:00:26]} 20. Qh4+ {[%clk 0:00:49]} f6
{[%clk 0:00:19]} 21. Qg3 {[%clk 0:00:50]} Qe5 {[%clk 0:00:10]} 22. Qa3+
{[%clk 0:00:50]} c5 {[%clk 0:00:08]} 23. Rxd7+ {[%clk 0:00:50]} 1-0

[Event "Team Championship (men blitz)"]
[Site "Sochi"]
[Date "2017.10.05"]
[Round "10.5"]
[White "Dubov, Daniil"]
[Black "Grachev, Boris"]
[Result "0-1"]
[LiveChessVersion "1.4.8"]
[BlackElo "2625"]
[WhiteElo "2775"]

1. d4 {[%clk 0:03:03]} d5 {[%clk 0:03:04]} 2. Bf4 {[%clk 0:03:04]} c5
{[%clk 0:03:00]} 3. e3 {[%clk 0:03:04]} Nc6 {[%clk 0:03:01]} 4. c3
{[%clk 0:03:05]} Bf5 {[%clk 0:02:54]} 5. Nd2 {[%clk 0:03:04]} Qb6
{[%clk 0:02:45]} 6. b3 {[%clk 0:02:50]} e6 {[%clk 0:02:42]} 7. Ngf3
{[%clk 0:02:50]} cxd4 {[%clk 0:02:39]} 8. exd4 {[%clk 0:02:09]} Ba3
{[%clk 0:02:25]} 9. Nh4 {[%clk 0:02:07]} Bb2 {[%clk 0:02:22]} 10. Nxf5
{[%clk 0:02:07]} exf5 {[%clk 0:02:23]} 11. Bd3 {[%clk 0:01:52]} Bxc3
{[%clk 0:02:09]} 12. Rc1 {[%clk 0:01:44]} Bxd4 {[%clk 0:02:08]} 13. O-O
{[%clk 0:01:39]} Nge7 {[%clk 0:02:09]} 14. Nf3 {[%clk 0:01:28]} Bf6
{[%clk 0:02:08]} 15. b4 {[%clk 0:01:17]} Qxb4 {[%clk 0:02:02]} 16. Bd2
{[%clk 0:01:05]} Qa3 {[%clk 0:02:01]} 17. Bc2 {[%clk 0:00:54]} O-O
{[%clk 0:01:57]} 18. Re1 {[%clk 0:00:35]} Qxa2 {[%clk 0:01:44]} 19. Bb1
{[%clk 0:00:36]} Qa3 {[%clk 0:01:39]} 20. Ng5 {[%clk 0:00:36]} h6
{[%clk 0:01:29]} 21. Nh3 {[%clk 0:00:38]} Rfe8 {[%clk 0:01:20]} 22. Re3
{[%clk 0:00:34]} Qd6 {[%clk 0:01:20]} 23. Rb3 {[%clk 0:00:23]} Nd4
{[%clk 0:01:13]} 24. Bf4 {[%clk 0:00:04]} Qa6 {[%clk 0:00:59]} 25. Bd3
{[%clk 0:00:04]} b5 {[%clk 0:00:51]} 26. Rbb1 {[%clk 0:00:06]} Ng6
{[%clk 0:00:51]} 27. Be3 {[%clk 0:00:07]} Qd6 {[%clk 0:00:24]} 28. Bxd4
{[%clk 0:00:07]} Bxd4 {[%clk 0:00:25]} 29. Bxb5 {[%clk 0:00:06]} Re4
{[%clk 0:00:18]} 30. Rc6 {[%clk 0:00:07]} Qe5 {[%clk 0:00:13]} 31. Bd3
{[%clk 0:00:08]} Rh4 {[%clk 0:00:12]} 32. Rbc1 {[%clk 0:00:06]} Re8
{[%clk 0:00:12]} 33. Rc8 {[%clk 0:00:07]} Rxc8 {[%clk 0:00:10]} 34. Rxc8+
{[%clk 0:00:08]} Kh7 {[%clk 0:00:11]} 35. Bf1 {[%clk 0:00:05]} Nf4
{[%clk 0:00:09]} 36. Nxf4 {[%clk 0:00:03]} Rxf4 {[%clk 0:00:09]} 37. Rc2
{[%clk 0:00:04]} Bb6 {[%clk 0:00:08]} 38. g3 {[%clk 0:00:05]} Re4
{[%clk 0:00:07]} 39. Qf3 {[%clk 0:00:04]} g6 {[%clk 0:00:07]} 40. Kg2
{[%clk 0:00:04]} Kg7 {[%clk 0:00:07]} 41. Bd3 {[%clk 0:00:05]} Re1
{[%clk 0:00:07]} 42. Re2 {[%clk 0:00:04]} Rxe2 {[%clk 0:00:08]} 43. Qxe2
{[%clk 0:00:04]} Qxe2 44. Bxe2 {[%clk 0:00:06]} g5 {[%clk 0:00:06]} 45. Bd3
{[%clk 0:00:06]} Kf6 {[%clk 0:00:07]} 46. f3 {[%clk 0:00:05]} Ke5
{[%clk 0:00:07]} 47. Kf1 {[%clk 0:00:06]} f4 {[%clk 0:00:08]} 48. g4
{[%clk 0:00:06]} Kd4 {[%clk 0:00:09]} 49. Ke2 {[%clk 0:00:07]} Kc3
{[%clk 0:00:08]} 50. Ba6 {[%clk 0:00:08]} d4 {[%clk 0:00:08]} 51. h3
{[%clk 0:00:07]} f6 {[%clk 0:00:09]} 52. Kd1 {[%clk 0:00:06]} d3 {[%clk 0:00:09]}
53. Kc1 {[%clk 0:00:08]} Ba5 {[%clk 0:00:09]} 54. Kd1 {[%clk 0:00:08]} Kd4
{[%clk 0:00:10]} 55. Bb7 {[%clk 0:00:08]} Bc3 {[%clk 0:00:10]} 56. Kc1
{[%clk 0:00:08]} a5 {[%clk 0:00:11]} 57. Bc6 {[%clk 0:00:07]} Ke3
{[%clk 0:00:12]} 58. Kd1 {[%clk 0:00:08]} Bb4 {[%clk 0:00:12]} 0-1